Top 20 UK Baby Names 1914 - Statistics

General Stats
  • This quiz has been taken 387 times
  • The average score is 27 of 40
Answer Stats
# First Letter Answer % Correct
2 W William
97%
5 J James
96%
1 J John
96%
1 M Mary
95%
3 G George
92%
19 H Harry
92%
4 T Thomas
91%
16 H Henry
90%
7 F Frederick
85%
9 E Elizabeth
84%
2 M Margaret
84%
10 R Robert
84%
11 E Edward
83%
9 C Charles
79%
8 A Albert
76%
6 A Arthur
75%
15 F Frank
73%
12 A Annie
72%
4 D Dorothy
72%
8 E Edith
69%
6 F Florence
67%
3 D Doris
65%
14 A Alfred
63%
5 K Kathleen
63%
12 J Joseph
62%
20 V Violet
59%
17 I Ivy
57%
10 W Winifred
57%
13 A Alice
54%
20 L Leonard
53%
19 E Ethel
52%
18 H Harold
52%
11 G Gladys
51%
7 E Elsie
48%
16 L Lillian
46%
15 H Hilda
40%
13 E Ernest
38%
14 P Phyllis
36%
17 L Leslie
28%
18 M Marjorie
26%
No matching quizzes found
Score Distribution
Percent of People with Each Score
Percentile by Number Answered
Your Score History
You have not taken this quiz